00712nam a2200229 a 450000100060000000300090000600800410001502000150005604000280007108200180009910000290011724501150014626000330026130000110029449000220030550000200032759000470034765000310039465000280042594200120045399900170046519493CO-ViMGA141112s2004 ck r 000 u spa d a9586077306 aCO-ViMGAbspacCO-ViMGA a796.019 P176l1 aParolini, Marsilio9420010aEl libro de los juegos : bmil ideas divertidísimas para jugar en grupo durante las vacaciones al aire libre aBogotá : bSan Pablo; 1997 a3 vol. aDinámica grupal aFalta tomo 2.  aForma de adquisición : Premio Mincultura14aJUEGOS - ENSEÑANZA9420114aJUEGOS INFANTILES94202 2ddccBK c10915d10915